000 00629nam a2200229Ia 4500
003 OSt
005 20220928101552.0
006 a|||||r|||| 00| 0
007 ta
008 220927b |||||||| |||| 00| 0 eng d
024 _a47758
037 _cTextual
040 _aSDCL
_cSDCL
_beng
041 _2eng
_aeng
082 _aR3xK32:g(o), N1
100 _aChristofer Norris
_9391799
245 0 _aSpinoza & the origins of morden critical theory.
260 _aOxford
_bBasil Blackwell
_c1991
300 _a322
_ccm.
942 _hR3xK32:g(o), N1
_cTEXL
_2CC
999 _c707641
_d707641